000 00587cab a2200217 4500
001 X2916
008 090401t1995 xxu||||| |||| 00| 0 eng d
035 _a(Sirsi) u27207
041 _aeng
245 _aMilburn Services Ltd v United Trading Group (UK) Ltd
260 _c1995
350 _a0
490 _aConstruction Industry Law Letter
_v(1995) CILL 1109(1)
650 _aCOMMON LAW DAMAGES
650 _aCONTRACT TERMS
650 _aENTIRE AGREEMENT CLAUSE
650 _aMAIN CONTRACT
690 _aBUILDING AND CONSTRUCTION-CASE LAW
942 _n0
948 _c04/03/1997
999 _c18315
_d18315